Quiz o Namibii - Statystyki

Ogólne statystyki
  • Ten quiz został rozwiązany 1 433 razy
  • Średni wynik to 11 z 19
Statystyki odpowiedzi
Wskazówka Odpowiedź % Poprawnych
RPA
94%
Państwa graniczące Angola
91%
Botswana
89%
Zambia
88%
Język urzędowy Angielski
86%
Państwo europejskie, które skolonizowało Namibię w latach 1884–1915 Niemcy
85%
Jedyne państwo na świecie, który ma mniejszą gęstość zaludnienia niż Namibia Mongolia
71%
Stolica Namibii Windhuk
68%
Namibia ma jedną z największych populacji tego szybkiego ssaka Gepard
65%
Nadmorska pustynia, prawdopodobnie najstarsza na świecie Namib
65%
Namibia jest czwartym największym wydobywcą na świecie tego pierwiastka o liczbie atomowej 92 Uran
56%
Duża pustynia obejmująca wschodnią i środkową część Namibii Kalahari
55%
Rzeka, która tworzy część granicy Namibii z państwem graniczącym nr.4 Zambezi
47%
Główna rzeka, która graniczy z państwem graniczącym nr.3 Oranje
30%
Fish River jest największym _____ w Afryce, ma 160 km długości i 550 metrów głębokości Kanionem
22%
„Kościsty” obszar przybrzeżny, na którym zginęło wielu europejskich żeglarzy, (biorąc pod uwagę gęstą mgłę i gwałtowne burze) Wybrzeże {szkieletowe}
18%
Grupa mieszkańców Afryki Południowej, którzy tworzą gałąź genetyki ludzkiej, która oddzieliła się od wszystkich innych ponad 100 000 lat temu Buszmeni
16%
Grupa wysp nazwana na cześć zamieszkujących je ptaków Wyspy {pingwinów}
13%
Jedyny naturalny port o dowolnej wielkości na wybrzeżu Namibii Zatoka {Wielorybów}
13%
Nie znaleziono quizów pasujących do podanych kryteriów
Rozkład punktacji
Procent ludzi z każdym wynikiem
Percentyl według liczby udzielonych odpowiedzi
Twoja historia wyników
Nie rozwiązałeś tego quizu